A pénzügyi közigazgatási bíráskodás reformja

Elmentve itt :
Bibliográfiai részletek
Szerző: Nagy Dezső Bálint
Dokumentumtípus: Cikk
Megjelent: 1932
Sorozat:Polgári jog : a hazai és külföldi magánjog és hiteljog szemléje 8
Kulcsszavak:Közigazgatási bíróság reform
Online Access:http://misc.bibl.u-szeged.hu/15463
LEADER 00647nab a2200169 i 4500
001 misc15463
005 20191106142454.0
008 170607s1932 hu o 0|| hun d
040 |a SZTE Miscellanea Repozitórium  |b hun 
041 |a hun 
100 1 |a Nagy Dezső Bálint 
245 1 2 |a A pénzügyi közigazgatási bíráskodás reformja  |h [elektronikus dokumentum] /  |c  Nagy Dezső Bálint 
260 |c 1932 
300 |a 97-108n 
490 0 |a Polgári jog : a hazai és külföldi magánjog és hiteljog szemléje  |v 8 
695 |a Közigazgatási bíróság reform 
856 4 0 |u http://misc.bibl.u-szeged.hu/15463/1/polgari_jog_1932_097-108n.pdf  |z Dokumentum-elérés